Los suelos y su fertilidad
Gorde:
| Egile nagusia: | |
|---|---|
| Beste egile batzuk: | |
| Formatua: | Liburua |
| Hizkuntza: | gaztelania |
| Argitaratua: |
Barcelona
Reverte
1988
|
| Edizioa: | Cuarta edición |
| Gaiak: | |
| Etiketak: |
Etiketa erantsi
Etiketarik gabe, Izan zaitez lehena erregistro honi etiketa jartzen!
|
MARC
| LEADER | 00000nam a2200000 a 4500 | ||
|---|---|---|---|
| 001 | UCY1230 | ||
| 003 | CL-VaPUC | ||
| 005 | 20230121074305.0 | ||
| 008 | 940824e19880000SP |||||||||||||||||spa|d | ||
| 999 | |c 230002 |d 230000 | ||
| 040 | |c Pontificia Universidad Católica de Valparaíso | ||
| 082 | 0 | 4 | |a 631.4 THO 1988 |2 21 |
| 100 | 0 | |a Thompson, Louis Milton |9 329170 | |
| 245 | 1 | 4 | |a Los suelos y su fertilidad |
| 250 | |a Cuarta edición | ||
| 260 | |a Barcelona |b Reverte |c 1988 | ||
| 300 | |a 649 páginas | ||
| 583 | |a last modification |c 19940824 00:00:00 |k Rodrigo Vera | ||
| 650 | 0 | |a Fertilidad del agua |9 264571 | |
| 650 | 7 | |a EDAFOLOGIA |2 CL-VaPUC |9 329172 | |
| 700 | 0 | |a Troeh, Frederick R |9 329171 | |
| 942 | |c BK |2 ddc | ||
| 945 | |d 19940824 00:00:00 |a mfernand | ||